000 00620nam a22002417a 4500
003 UA-OsUOA
001 92819
007 ta
008 20121227b un ||||| |||| 00| 0 ukr d
100 _aБерроуз Э.
090 _a821.111 (75)
_bБ51
942 _cBK
040 _aUA-OsUOA
_brus
_cUA-OsUOA
_dUA-OsUOA
245 _aВладыка Марса
300 _a106 с.
955 _a3
041 _arus
080 _a821.111 (75)
020 _a5-85285-366-6
260 _aМ.
_bКомпозитор
_c1992
650 7 _a82 Література. Літературознавство
_2UDC
999 _c379283
_d379283